| 000 -LEADER |
| fixed length control field |
01198cam a22003018i 4500 |
| 001 - CONTROL NUMBER |
| control field |
20693056 |
| 005 - DATE AND TIME OF LATEST TRANSACTION |
| control field |
20230222123627.0 |
| 008 - FIXED-LENGTH DATA ELEMENTS--GENERAL INFORMATION |
| fixed length control field |
181001s2019 nyu b 001 0 eng |
| 010 ## - LIBRARY OF CONGRESS CONTROL NUMBER |
| LC control number |
2018045501 |
| 020 ## - INTERNATIONAL STANDARD BOOK NUMBER |
| International Standard Book Number |
9781138553491 (hardback) |
| 020 ## - INTERNATIONAL STANDARD BOOK NUMBER |
| International Standard Book Number |
9781138553507 (pbk.) |
| 020 ## - INTERNATIONAL STANDARD BOOK NUMBER |
| Canceled/invalid ISBN |
9781315148618 (ebk) |
| 040 ## - CATALOGING SOURCE |
| Original cataloging agency |
DLC |
| Language of cataloging |
eng |
| Description conventions |
rda |
| Transcribing agency |
DLC |
| 042 ## - AUTHENTICATION CODE |
| Authentication code |
pcc |
| 050 00 - LIBRARY OF CONGRESS CALL NUMBER |
| Classification number |
JA76 |
| Item number |
.D598 2019 |
| 100 1# - MAIN ENTRY--PERSONAL NAME |
| Personal name |
Dobratz, Betty A., |
| Relator term |
author. |
| 245 10 - TITLE STATEMENT |
| Title |
Power, politics, and society : |
| Remainder of title |
an introduction to political sociology / |
| Statement of responsibility, etc. |
Betty A. Dobratz, Timothy Buzzell, and Lisa K. Waldner. |
| 250 ## - EDITION STATEMENT |
| Edition statement |
2nd Edition. |
| 260 ## - PUBLICATION, DISTRIBUTION, ETC. (IMPRINT) |
| Place of publication, distribution, etc. |
New York, NY: |
| Name of publisher, distributor, etc. |
Routledge |
| Date of publication, distribution, etc. |
2019 |
| 300 ## - PHYSICAL DESCRIPTION |
| Extent |
xvii, 495p. : |
| Size of unit |
ill. ; |
| Dimensions |
22 cm. |
| 500 ## - GENERAL NOTE |
| General note |
Revised edition of the authors' Power, politics, and society, c2012. |
| 504 ## - BIBLIOGRAPHY, ETC. NOTE |
| Bibliography, etc |
Includes bibliographical references and index. |
| 650 #0 - SUBJECT ADDED ENTRY--TOPICAL TERM |
| Topical term or geographic name as entry element |
Political sociology. |
| 700 1# - ADDED ENTRY--PERSONAL NAME |
| Personal name |
Buzzell, Tim, |
| Relator term |
author. |
| 700 1# - ADDED ENTRY--PERSONAL NAME |
| Personal name |
Waldner, Lisa K., |
| Relator term |
author. |
| 776 08 - ADDITIONAL PHYSICAL FORM ENTRY |
| Relationship information |
Online version: |
| Main entry heading |
Dobratz, Betty A., author. |
| Title |
Power, politics, and society |
| Edition |
2nd Edition. |
| Place, publisher, and date of publication |
New York : Routledge, 2019 |
| International Standard Book Number |
9781315148618 |
| Record control number |
(DLC) 2018048074 |
| 942 ## - ADDED ENTRY ELEMENTS (KOHA) |
| Source of classification or shelving scheme |
|
| Koha item type |
Hard Covered Materials |
| Classification part |
JA 76 .D598 2019 |